Fachbegriffe Biologie - Statistiken

Allgemein
  • Dieses Quiz wurde 267 mal gespielt
  • Das Durchschnittsergebnis liegt bei 9 aus 17
Antwortstatistiken
Hint Antwort % Korrekt
Pflanzen bauen dabei mithilfe von Lichtenergie Zucker aus Kohlenstoffdioxid und Wasser auf Photosynthese
92%
Kraftwerke der Zelle Mitochondrien
82%
spontan auftretende Veränderung im Erbgut Mutation
79%
Zellorganell in der eukaryotischen Zelle, das das Erbgut beinhaltet Zellkern
70%
Zusammenleben verschiedener Arten zum gegenseitigen Vorteil Symbiose
66%
Naturforscher, der die Evolution durch natürliche Auslese erklärte Charles Darwin
65%
Kontaktstelle zwischen zwei Nervenzellen Synapse
64%
Infektiöses Partikel ohne eigenen Stoffwechsel, das sich nur in Wirtszellen vermehrt Virus
58%
Form der DNA Helix
56%
Klasse der Wirbeltiere, die sowohl an Hand als auch im Wasser lebt Amphibien
52%
Übertragung von Blütenpollen zur Fortpflanzung Bestäubung
44%
Pflanzenfressendes Tier Herbivor
37%
Angeborenes, ohne Lernen ablaufendes Verhalten Instinkt
37%
Umwandlung der Körperform während der Entwicklung (Tiere) Metamorphose
36%
Vermehrungs- und Ausbreitungseinheiten von Pilzen Sporen
36%
Energiegewinnung der Zelle aus Glucose und Sauerstoff Zellatmung
36%
Organismus, der tote Biomasse abbaut Destruent
27%
Keine übereinstimmenden Quizze gefunden
Verteilung der Resultate
Anzahl Personen mit jedem Resultat
Perzentil nach korrekt beantworteten Fragen
Ihre Resultats-Entwicklung
Sie haben dieses Quiz noch nicht gespielt